000 00638nam a22002417a 4500
001 00260
003 DO-SdBNP
005 20151215130911.0
008 151215b 1989 sp xxu||||| |||| 00| 0 spa d
020 _a848614793X
040 _aBPMSU
_bspa
_cBPMSU
092 _axxxxx
_bxxxxx
100 1 _aManzano, Rafael
245 1 0 _aJ. Terruella /
_cRafael Manzano.
260 _aBarcelona :
_bÀmbit Serveis,
_c1989.
300 _a110 p. :
_bil. ;
_c32 cm.
490 1 _aTestimonis d'art
700 _aAlvarez, Carlos María,
_eil.
830 0 _aTestimonis d'art
910 _a00260
942 _2ddc
_cBK
956 _aLorenza Pérez
_b10
999 _c9120
_d9120